Fr. Conceicao Rodrigues College of Engineering

Differential equations for scientists and engineers (Record no. 20222)

MARC details
000 -LEADER
fixed length control field 00415nam a2200169Ia 4500
082 ## - DEWEY DECIMAL CLASSIFICATION NUMBER
Classification number 515.35
Item number DOS
100 ## - MAIN ENTRY--PERSONAL NAME
Personal name Doshi/J.B
245 ## - TITLE STATEMENT
Title Differential equations for scientists and engineers
260 ## - PUBLICATION, DISTRIBUTION, ETC.
Name of publisher, distributor, etc. Narosa Publication House
Date of publication, distribution, etc. 2010
366 ## - TRADE AVAILABILITY INFORMATION
Publishers's discount category 20
300 ## - PHYSICAL DESCRIPTION
Extent 326
546 ## - LANGUAGE NOTE
Language note ENGLISH
-- production
650 ## - SUBJECT ADDED ENTRY--TOPICAL TERM
Topical term or geographic name entry element Differential equations
654 ## - SUBJECT ADDED ENTRY--FACETED TOPICAL TERMS
Focus term differential equations
942 ## - ADDED ENTRY ELEMENTS (KOHA)
Koha item type BOOK
Holdings
Withdrawn status Lost status Damaged status Not for loan Collection Home library Current library Date acquired Source of acquisition Cost, normal purchase price Inventory number Total Checkouts Full call number Barcode Date last seen Cost, replacement price Price effective from Koha item type
        CRC Fr. Agnel's C.Rodrigues College of Engineering Fr. Agnel's C.Rodrigues College of Engineering 17/03/2023 Narosa Book Distributors 276.00 264 dt 22/05/2013   515.35 DOS 22679 17/03/2023 345.00   BOOK